00431nam a2200121Ia 4500008004100000024004400041082001600085100006600101245005000167260002500217600003400242650003300276250506s9999 xx 000 0 und d a07A-034-TE, 07A-061-TE & 08B-061-TE a635.072 QUR aZain Hussain Qureshi, Syed Sherjeel Hussain & Shaikh Sharjeel 0aMonitor and Control of Greenhouse Environment aKarachi:bUIT,c2008 aTelecommunication Engineering aBachelor of Engineering (BE)